00891nam a22002057a 4500003000900000008004100009040007100050082001800121100001900139245004600158260003500204300005100239440005400290505022600344650001700570650001700587650001300604700003500617700003300652AR-CdUCM190511b ||||| |||| 00| 0 spa d aMUNICIPALIDAD PROVINCIAL DEL CUSCOcBIBLIOTECA MUNICIPAL DEL CUSCO a192.1 /bEY98 aEysenck, H. J. aEstudio científico de la personalidad / aBuenos Aires :bPaidos,c1959. aXVI, 299 páginas ;btablas, figuras,c24 cm. aBiblioteca de Psicología de la Personalidad.n8 aContenido: Ciencia y personalidad -- El enfoque dimensional -- La dimensión neurótica: Definición operativa -- La dimensión neurótica: Medición objetiva -- Herencia y ambiente -- La dimensión psicótica ... aPersonalidad aPsicología aHerencia aLoedel, Eduardo (traducción) aBernstein, Jaime (prólogo)